|
|
|
|
| LEADER |
00000nam0a2200000 4500 |
| 001 |
368288 |
| 005 |
20231102012052.0 |
| 035 |
|
|
|a (RuTPU)RU\TPU\retro\25651
|
| 090 |
|
|
|a 368288
|
| 100 |
|
|
|a 20220406d1905 m y0gery50 ba
|
| 101 |
0 |
|
|a ger
|
| 102 |
|
|
|a DE
|
| 105 |
|
|
|a a z 000zy
|
| 200 |
1 |
|
|a Ausfuhrliches Handbuch der Photographie.
|v B.1, T.1: Geschichte der Photographie
|f J. M. Eder
|
| 205 |
|
|
|a 3 Auflage
|
| 210 |
|
|
|a Halle
|c Verlag von Wilhelm Knapp
|d 1905
|
| 215 |
|
|
|a XVI, 486 s.
|c il.
|
| 300 |
|
|
|a Раздельная пагинация страниц
|
| 541 |
1 |
|
|a Подробный справочник по фотографии. История фотографии
|z ger
|
| 606 |
1 |
|
|a Практическая фотография
|2 stltpush
|3 (RuTPU)RU\TPU\subj\51096
|9 69705
|
| 610 |
1 |
|
|a фотография
|
| 610 |
1 |
|
|a история
|
| 610 |
1 |
|
|a фотоизображения
|
| 610 |
1 |
|
|a фотоаппараты
|
| 610 |
1 |
|
|a фотокамеры
|
| 610 |
1 |
|
|a камера-обскура
|
| 610 |
1 |
|
|a фотографические изображения
|
| 610 |
1 |
|
|a фотографические объективы
|
| 610 |
1 |
|
|a фотосъемка
|
| 610 |
1 |
|
|a фотограмметрия
|
| 610 |
1 |
|
|a фотографирование
|
| 610 |
1 |
|
|a фотографические процессы
|
| 610 |
1 |
|
|a справочники
|
| 610 |
1 |
|
|a немецкий язык
|
| 675 |
|
|
|a 77.02
|v 3
|
| 700 |
|
1 |
|a Eder
|b J. M.
|g Josef Maria
|
| 801 |
|
1 |
|a RU
|b 63413507
|c 20220406
|
| 801 |
|
2 |
|a RU
|b 63413507
|c 20231017
|g RCR
|
| 942 |
|
|
|c BK
|